Soccer League Names - Statistics

General Stats
  • This quiz has been taken 24 times
  • The average score is 7 of 15
Answer Stats
Country League Name % Correct
England/Wales Premier League
100%
France Ligue 1
90%
Spain LaLiga
86%
USA Major League Soccer
86%
Germany Bundesliga
81%
Italy Serie A
76%
Saudi Arabia Saudi Pro League
38%
Netherlands Eredivise
33%
Turkey Süper Lig
29%
Mexico Liga MX
19%
Belgium Belgian Pro League
14%
Portugal Primeira Liga
14%
Japan J1 League
10%
Australia A-League Men
0%
South Africa South African Premiership
0%
No matching quizzes found
Score Distribution
Percent of People with Each Score
Percentile by Number Answered
Your Score History
You have not taken this quiz